000
00208 a2200097 4500
001
28066
100
_a
Morgan, T
245
_a
Lockheed constellation
260
_a
_b
ARCO Pub Co
_c
1967
090
_c
18763
_d
18763
942
_a
NUST-CAE
_c
M
_c
9739
999
_c
263139
_d
263139